Comuni della Provincia di Ferrara - con mappa - Statistics

Statistiche generali
  • Questo quiz è stato fatto 64 volte
    58 dall'ultimo reset
  • Il punteggio medio è 12 su 21
Risposte nella Mappa
Le risposte nella mappa del quiz sottostante sono codificate secondo una scala di colori dal rosso al verde in base alla % di persone che hanno risposto correttamente.
 
Statistiche sulle risposte
Risposta % Corretto
FERRARA
100%
Comacchio
93%
Cento
78%
Goro
78%
Argenta
74%
Codigoro
70%
Bondeno
63%
Mesola
63%
Jolanda di Savoia
59%
Poggio Renatico
59%
Portomaggiore
59%
Copparo
52%
Ostellato
48%
Riva del Po
48%
Masi Torello
44%
Terre del Reno
44%
Voghiera
44%
Fiscaglia
41%
Vigarano Mainarda
41%
Tresignana
37%
Lagosanto
33%
Nessun quiz corrispondente trovato
Distribuzione punteggi
Percentuale di utenti per punteggio
Percentile per numero di risposta
I tuoi punteggi nel tempo
Non hai fatto questo quiz dall'ultimo reset